Equipes participant au Tour de France - Statistiques

Statistiques générales
  • Ce quiz a été pris 25 fois
  • Le résultat moyen est 11 sur 16
Statistiques - réponses
Par images Réponse % Correct
Soudal Quick-Step
90%
Team Visma lease a bike
85%
UAE Emirates
85%
Cofidis
80%
Decathlon AG2R La Mondiale
80%
Groupama FDJ
80%
Lidl Trek
80%
Red Bull Bora Hansgrohe
80%
EF Education
75%
Bahrain Victorious
70%
Ineos Grenadiers
70%
Uno X
70%
Alpecin Deceuninck
60%
Intermarché Wanty
60%
Total Energies
60%
Astana Qazaqstan Team
15%
Aucun quiz correspondant
Distribution des résultats
% des personnes avec chaque résultat
Percentile par nombre de réponses
Votre historique - résultats
Vous n’avez pas pris ce quiz